000 03102nam0a2200421 4500
001 RU\NLR\BIBL_A\012243226
005 20220303144428.0
010 _a978-5-6041090-8-3
_9500
021 _aRU
_bКН-П-20-004003
_9КН-П-20-0299
035 _a(NLR Aleph) 012243226
035 _a(RuMoRGB)010238537
090 _a11042671
_c11042671
100 _a20200311d2019 k y0rusy50 ca
101 0 _arus
_deng
102 _aRU
105 _a |||z|||100zy
181 0 _ai
_baxxe
182 0 _an
200 1 _aЭтнос и общество в контексте межнациональных отношений
_eматериалы VII Всероссийской научно-практической конференции, Краснодар, 5 декабря 2019 года
_eв рамках реализации подпрограммы "Гармонизация межнациональных отношений и профилактика терроризма и экстремизма" муниципальной программы муниципального образования город Краснодар "Развитие гражданского общества"
_fАдминистрация муниципального образования город Краснодар [и др.
_gредакционная коллегия: Т.А. Хагуров и др.]
203 _aТекст
_bвизуальный
_cнепосредственный
210 _aКраснодар
_cКубанский государственный университет
_aСтаврополь
_cДорофеев В.Ю.
_d2019
215 _a484 с.
_cил., табл.
_d21
300 _aЗагл. обл.: VII научно-практическая конференция "Этнос и общество в контексте межнациональных отношений": сборник материалов
300 _aРез. англ.
320 _aБиблиогр. в конце ст.
512 1 _aVII научно-практическая конференция "Этнос и общество в контексте межнациональных отношений"
_eсборник материалов
606 1 _aНациональные отношения
_jСъезды, совещания и т.п
_91223262
_3RU\NLR\AUTH\66498005
686 1 _aС550.65я431
686 1 _aТ3(2)0-56я431
702 1 _aХагуров
_bТ. А.
_f1975-
_gТемыр Айтечевич
_4340
711 1 2 _a"Этнос и общество в контексте межнациональных отношений", всероссийская научно-практическая конференция
_d7
_eКраснодар
_f2019
_9701689
_3RU\NLR\AUTH\880520446
712 0 1 _4570
_aКраснодар
_bАдминистрация
_9597242
_3RU\NLR\AUTH\880467651
942 _cBOOK
980 _aNBR
980 _aNB